00596cam a2200205 a 450000100100000000500170001000800410002702000150006804000230008308200240010610000290013024500590015925000120021826000370023030000210026749000270028865000220031565000260033783000270036300000808220200929154426.0791204s1994 sp 000 f spa d a8432230073 aDO-SdBNPcDLCdDLC a863.64bM539m, 19941 aMendoza, Eduardo,d1943-13aEl misterio de la cripta embrujada /cEduardo Mendoza. a13a ed. aBarcelona :bSeix Barral,c1994. a178 p. ;c20 cm.0 aBiblioteca de bolsillo 4aNovela española 4aLiteratura española 0aBiblioteca de bolsillo